000 00348nam a22001337a 4500
003 SGT
020 _a9789386001849
082 _a891.4309
_bV18K
100 _aकौल, जवाहरलाल
245 _aव्यथा कथा
260 _b प्रतिभा प्रतिष्ठान
_c2018
300 _a216
942 _2ddc
_cBK
999 _c30857
_d30857